000 01228cam a22002414a 4500
005 20250605164225.0
008 250528s ||||||||||||||||||||||||d
035 _a20819
020 _a9780702046742
040 _aGR-AtMCL
_bgre
_dGR-AtMCL
_eAACR2
245 1 _aEssential Surgery / Problems, Diagnosis and Management: Fifth Edition
250 _a5th
260 _bChurchill Livingstone - Elsevier,
_c2014
300 _a676
520 _aThe main aim of this book is to stimulate the reader to a greater enjoyment and understanding of the practice of surgery. Principles of Surgical Care, Disease Processes, Diagnostic Techniques, Perioperative Care, Principles of Accident Surgery, Symptoms and Diagnosis and Management, Abdomen and General Principles, Upper Gastrointestinal and Hepatobiliary, Coloproctology, Thoracic Surgery Excluding Cardiac, Groin and Male Genitalia, Urology, Cardiovascular Disorders, Disorders of the Breast and Skin, Disorders of the Head and Neck, Neonatal and Pediatric Surgery, Index.
700 1 _aHarper Simon J. F
_96784
700 1 _aQuick Clive R. G
_96785
700 1 _aReed Joanna B
_96786
700 1 _aSaeb-Parsy Kourosh
_96787
942 _cBK
999 _c5901
_d5901